000 00683nam a2200229Ia 4500
003 GCL
008 140319s9999 xx 000 0 ara d
040 _aGCL /
_cGCL
082 0 4 _a889.03
_bأ غ
100 1 _aنعيم عطية
245 1 0 _aغاية الفرح /
_cنعيم عطية
700 1 _aافيروف، ايفانجيلوس
300 _a134
490 _aالرواية العالمية
_v0
650 0 4 _aالادب اليونانى
650 0 4 _aالادب
650 0 4 _aالادلة
650 0 4 _aالادب اليونانى المترجم
650 0 4 _aالقصة اليونانية
650 0 4 _aالادب اليونانى الحديث
942 _2ddc
_cBK
999 _c43679
_d43679